| 000 | 01294nam a2200421 i 4500 | ||
|---|---|---|---|
| 001 | 17849 | ||
| 003 | KOSZ 005 | ||
| 005 | 20221021120527.0 | ||
| 008 | 020829s1977 pl a f f |000 0 pol | ||
| 015 | _aPB 1977/10271 | ||
| 035 | _a(OCoLC)830346846 | ||
| 040 |
_aWA N _cWA N _dKOSZ 005/HR |
||
| 041 | 0 | _apol | |
| 046 | _k1977 | ||
| 080 | _a678 | ||
| 080 | _a544 | ||
| 080 | _a(075.8) | ||
| 100 | 1 |
_aRabek, Jan Feliks _eAutor |
|
| 245 | 1 | 0 |
_aPodstawy fizykochemii polimerów / _cJan F. Rabek. |
| 250 |
_aWyd. przejrz. i uzup. / _bprzez Witolda Trochimczuka. |
||
| 260 |
_aWrocław : _bPolitechnika Wrocławska, _c1977. |
||
| 300 |
_a306 s. : _bil., tab., wykr. ; _c24 cm. |
||
| 336 |
_2rdacontent _aTekst _btxt |
||
| 337 |
_2rdamedia _aBez urządzenia pośredniczącego _bn |
||
| 338 |
_2rdacarrier _aWolumin _bnc |
||
| 380 | _aKsiążki | ||
| 388 | _a1901-2000 | ||
| 388 | _a1945-1989 | ||
| 504 | _aBibliogr. | ||
| 650 | 4 | _aChemia fizyczna | |
| 650 | 4 | _aPolimery | |
| 655 | 4 | _aPodręczniki akademickie | |
| 658 | _aChemia | ||
| 658 | _aInżynieria i technika | ||
| 700 | 1 |
_aTrochimczuk, Witold _eOpracowanie |
|
| 856 |
_uhttp://koha.tu.koszalin.pl/cgi-bin/koha/opac-detail.pl?biblionumber=17849 _yKatalog online BPK |
||
| 942 |
_2UKD _cKS |
||
| 999 |
_c17849 _d17849 |
||